Femminile & maschile : tra nostalgia e trasformazione : atti del 9. Convegno nazionale del Centro italiano di psicologia analitica : Milano, 22-23-24 novembre 1996 /
محفوظ في:
| مؤلف مشترك: | |
|---|---|
| مؤلفون آخرون: | |
| التنسيق: | كتاب |
| اللغة: | الإيطالية |
| منشور في: |
Milano :
Vivarium,
1997
|
| سلاسل: | Strumenti di lavoro ;
3 |
| الموضوعات: | |
| الوسوم: |
لا توجد وسوم, كن أول من يضع وسما على هذه التسجيلة!
|
MARC
| LEADER | 00000nam a22000007i 4500 | ||
|---|---|---|---|
| 001 | IT\ICCU\UBO\0313881 | ||
| 003 | ItRI | ||
| 005 | 20260115231952.0 | ||
| 008 | 990112s1997 it |||||| ||||| |||||c | ||
| 020 | |a 8887131031 | ||
| 040 | |b ita |c importazione bologna sebina | ||
| 041 | 7 | |a ita |2 ISO-639-2 | |
| 110 | 2 | |a Centro italiano di psicologia analitica |0 IT\ICCU\CFIV\097094 |4 aut | |
| 245 | 0 | 0 | |a Femminile & maschile : |b tra nostalgia e trasformazione : atti del 9. Convegno nazionale del Centro italiano di psicologia analitica : Milano, 22-23-24 novembre 1996 / |c a cura di Elena Cristiani. |
| 246 | 1 | 3 | |a Femminile & maschile. |9 IT\ICCU\MIL\0472147 |
| 246 | 1 | 3 | |a Femminile e maschile. |9 IT\ICCU\MIL\0472149 |
| 260 | |a Milano : |b Vivarium, |c 1997 | ||
| 300 | |a 446 p. ; |c 21 cm. | ||
| 650 | 7 | |a Femminilità |x Aspetti psicologici |x Congressi |x Milano |x 1996 |2 scbi | |
| 650 | 7 | |a Mascolinità |x Aspetti psicologici |x Congressi |x Milano |x 1996 |2 scbi | |
| 700 | 1 | |a Cristiani, Elena |0 IT\ICCU\UBOV\121968 | |
| 791 | 2 | |a CIPA (Centro italiano di psicologia analitica) |3 IT\ICCU\CFIV\371605 |z Centro italiano di psicologia analitica | |
| 830 | 0 | |a Strumenti di lavoro ; |v 3 |0 IT\ICCU\UBO\0313893 | |
| 942 | |2 ddc |c BK |n 0 | ||
| 952 | |0 0 |1 0 |4 0 |6 DOC_155_330000000000000_CRI |7 0 |9 18069 |a BO |b BO |d 2026-01-15 |i 8949 |l 0 |o DOC 155.33 CRI |p BO8949 |r 2026-01-15 23:19:52 |w 2026-01-15 |x [Sebina 5] [1 v.] |y BK |z 1 v. | ||
| 999 | |c 15342 |d 15342 | ||